Catalog

Record Details

Catalog Search



Kapitoly z církevních dějin. Řada I., K červánkům reformace  Cover Image Book Book

Kapitoly z církevních dějin. Řada I., K červánkům reformace / Rud. Říčan

Record details

  • Physical Description: 153 stran ; 19 cm
  • Publisher: Praha : Svaz SČME YMCA, 1936
Subject: dějiny křesťanství
církevní dějiny
Genre: populárně-naučné publikace

Available copies

  • 1 of 1 copy available at Common Catalog SPOK.

Holds

  • 0 current holds with 1 total copy.
Show Only Available Copies
Location Call Number / Copy Notes Barcode Shelving Location Status Due Date
ETS Library 270 424470020255 Volný výběr Available -

Electronic resources

Version of Resource: Digitalizovaný dokument


LDR 01499nam a2200397 i 4500
00153564
003CZ-PrJAB
00520230907093229.0
007ta
008000204s1936 xr g 000 0 cze
015 . ‡acnb000796850
020 . ‡q(Brožováno)
035 . ‡a(CZ PrNK)bk193604758
035 . ‡a(OCoLC)85551369
040 . ‡aABA001 ‡bcze ‡cBOA001 ‡dABA001 ‡erda
072 7. ‡a27 ‡xKřesťanství. Křesťanská církev všeobecně. Eklesiologie ‡2Konspekt ‡95
080 . ‡a27(091) ‡2MRF
080 . ‡a27-9 ‡2MRF
08214. ‡a270
1001 . ‡aŘíčan, Rudolf, ‡d1899-1975 ‡7jk01110152 ‡4aut
24510. ‡aKapitoly z církevních dějin. ‡nŘada I., ‡pK červánkům reformace / ‡cRud. Říčan
24630. ‡aK červánkům reformace
264 1. ‡aPraha : ‡bSvaz SČME YMCA, ‡c1936
300 . ‡a153 stran ; ‡c19 cm
336 . ‡atext ‡btxt ‡2rdacontent
337 . ‡abez média ‡bn ‡2rdamedia
338 . ‡asvazek ‡bnc ‡2rdacarrier
4901 . ‡aKnihovna Bratrstva ; ‡v9. svazek
65007. ‡adějiny křesťanství ‡7ph492508 ‡2czenas
65007. ‡acírkevní dějiny ‡7ph114283 ‡2czenas
655 7. ‡apopulárně-naučné publikace ‡7fd131864 ‡2czenas
830 0. ‡aKnihovna Bratrstva (Svaz SČME YMCA)
85641. ‡uhttp://krameriusndk.nkp.cz/search/handle/uuid:95657c90-0a02-11ea-a20e-005056827e51 ‡yDigitalizovaný dokument
910 . ‡aABG450
995 . ‡aska
990 . ‡aBK
901 . ‡a53564 ‡bAUTOGEN ‡c53564 ‡tbiblio

Additional Resources